000 00900cam a2200253 a 4500
001 000003145
005 20200929150338.0
008 691103s1970 wau b 001 0 eng
040 _aDO-SdBNP
_cDLC
_dDLC
043 _an-us-wa
082 _a814.9
_bL257a
245 0 0 _aLandmarks of American writing /
_cEditado por Hennig Cohen.
260 _aWashington, United States :
_bForum,
_c1970.
300 _ax,435 p. ;
_c21 cm.
490 1 _aForum Lectures
500 _a"Ensayos ... originalmente preparado por la Voz de América para su presentación como conferencias ... a través de su serie Forum."
504 _aIncluye referencias bibliográficas.
650 0 _aLiteratura estadounidense
_xHistoria y crítica
_96786
700 1 _aCohen, Hennig,
_eed.
_99922
710 2 _aVoz de América
_99923
830 0 _aForum Lectures
_99924
910 _aCatalogación por copia / LC
049 _aBNGR
999 _c2976
_d2976